|
|
|
|
| LEADER |
01761nam a2200337 a 4500 |
| 001 |
28926 |
| 003 |
BD-DhAAL |
| 005 |
20240306104809.0 |
| 008 |
150301s2011 nyua b 000 0 eng |
| 010 |
|
|
|a 2010034995
|
| 020 |
|
|
|a 9781616081232 (pbk. : alk. paper)
|
| 020 |
|
|
|a 1616081236
|
| 040 |
|
|
|a DLC
|c DLC
|d DLC
|d BD-DhAAL
|
| 050 |
0 |
0 |
|a PE1449
|b .R86 2011
|
| 082 |
0 |
0 |
|a 428.1
|2 22
|
| 100 |
1 |
|
|a Runyan, W. R.
|9 8858
|
| 245 |
1 |
0 |
|a 1,001 words and phrases you never knew you didn't know :
|b hopperdozer, hoecake, ear trumpet, dort, and other nearly forgotten terms and expressions /
|c W.R. Runyan.
|
| 246 |
3 |
|
|a 1001 words and phrases you never knew you didn't know
|
| 246 |
3 |
|
|a One thousand one words and phrases you never knew you didn't know
|
| 260 |
|
|
|a New York, NY :
|b Skyhorse Pub.,
|c c2011.
|
| 300 |
|
|
|a ix,180 p. :
|b ill. ;
|c 21 cm.
|
| 504 |
|
|
|a Includes bibliographical references (pages 177-180).
|
| 541 |
|
|
|a Donation from the Asia Foundation
|e 28926, 42366
|
| 650 |
|
0 |
|a Vocabulary.
|9 8048
|
| 650 |
|
0 |
|a English language
|v Terms and phrases.
|9 8859
|
| 852 |
|
|
|a Ayesha Abed Library
|c General Stacks
|
| 942 |
|
|
|2 ddc
|c BK
|
| 999 |
|
|
|c 33825
|d 33825
|
| 952 |
|
|
|0 0
|1 0
|2 ddc
|4 0
|6 428_100000000000000_RUN
|7 0
|9 52811
|a BRACUL
|b BRACUL
|c GEN
|d 2015-03-01
|e BRAC Institute of Language (BIL)
|l 1
|m 1
|o 428.1 RUN
|p 3010028926
|r 2024-05-06
|s 2024-04-23
|t 1
|w 2015-03-01
|y BK
|x Transferred from BIL to BRACUL on 06/06/22
|
| 952 |
|
|
|0 0
|1 0
|2 ddc
|4 0
|6 428_100000000000000_RUN
|7 0
|9 53210
|a SCL
|b SCL
|c GEN
|d 2015-03-19
|l 0
|o 428.1 RUN
|p 3020007615
|r 2015-03-19
|t 2
|w 2015-03-19
|y BK
|
| 952 |
|
|
|0 0
|1 0
|2 ddc
|4 0
|6 428_100000000000000_RUN
|7 0
|9 75223
|a SCL
|b SCL
|c GEN
|d 2024-03-06
|e Donation from the Asia Foundation
|g 1421.00
|l 3
|o 428.1 RUN
|p 3020042366
|r 2024-05-29
|s 2024-05-29
|t 3
|w 2024-03-06
|y BK
|x USD 12.95
|